Biblioteca Sant Antoni M. Claret : antiga fàbrica Torres Amat : Sallent (Bages, Barcelona) : segles XIX - XX / text [de] Raquel Lacuesta antiga fàbrica Torres Amat :
Publicado:
Barcelona :
Diputació de Barcelona. Àrea de Cooperació. Servei del Patrimoni Arquitectònic Local ; Ajuntament de Sallent, Dl. 1999
Descripción Física:
[14] p. : il. col. ; 21 cm
MARC
| LEADER | 00000nam a2200000Ia 4500 | ||
|---|---|---|---|
| 001 | 12812 | ||
| 008 | 160829s9999 xx 000 0 cat d | ||
| 080 | |a FU-14-46 | ||
| 100 | |a Lacuesta, Raquel, |d 1949- |9 24935 | ||
| 245 | |a Biblioteca Sant Antoni M. Claret : |b antiga fàbrica Torres Amat : |b Sallent (Bages, Barcelona) : |b segles XIX - XX / text [de] Raquel Lacuesta | ||
| 260 | |a Barcelona : |b Diputació de Barcelona. Àrea de Cooperació. Servei del Patrimoni Arquitectònic Local ; Ajuntament de Sallent, Dl. 1999 | ||
| 300 | |a [14] p. : |b il. col. ; |c 21 cm | ||
| 650 | |a Biblioteca Sant Antoni M. Claret (Sallent) |x Història |9 26146 | ||
| 650 | |a Biblioteques |x Arquitectura |9 26147 | ||
| 710 | 1 | |a Sallent (Catalunya). |b Ajuntament |9 51621 | |
| 710 | |a Barcelona (Catalunya : Província). |b Servei de Patrimoni Arquitectònic Local |9 19202 | ||
| 901 | |a Arxiu | ||
| 942 | |n 1 | ||
| 952 | |0 0 |1 0 |4 0 |6 FU1446 |7 1 |9 43897 |a Arxiu |b Arxiu |d 2016-12-01 |l 0 |o FU-14-46 |p 12812 |r 2016-12-01 00:00:00 |w 2016-12-01 |y ARXIU | ||
| 999 | |c 46477 |d 46477 | ||